Elementos para el estudio del problema ferroviario en España / (Registro nro. 39204)

Detalles MARC
000 -LEADER
campo de control de longitud fija 00730nam a2200205 i 4500
001 - NÚMERO DE CONTROL
campo de control 39204
003 - IDENTIFICADOR DE NÚMERO DE CONTROL
campo de control ES-MaACL
005 - FECHA Y HORA DE LA ÚLTIMA TRANSACCIÓN
campo de control 20240219222656.0
008 - DATOS DE LONGITUD FIJA--INFORMACIÓN GENERAL
campo de control de longitud fija 030227m19181920sp |||| | spa d
080 ## - NÚMERO DE LA CLASIFICACIÓN DECIMAL UNIVERSAL
Número de la Clasificación Decimal Universal 338.47(460):656.2
110 1# - ENTRADA PRINCIPAL--NOMBRE DE ENTIDAD CORPORATIVA
Nombre de entidad corporativa o nombre de jurisdicción como elemento de entrada España.
Unidad subordinada Ministerio de Fomento.
9 (RLIN) 3868
245 10 - MENCIÓN DEL TÍTULO
Título Elementos para el estudio del problema ferroviario en España /
Mención de responsabilidad, etc. recopilados bajo la dirección de Francesc Cambó.
260 ## - PUBLICACIÓN, DISTRIBUCIÓN, ETC.
Lugar de publicación, distribución, etc. Madrid :
Nombre del editor, distribuidor, etc. [s.n.,
Fecha de publicación, distribución, etc. 1918-1920] (
Fabricante Artes Gráf. "Matev")
300 ## - DESCRIPCIÓN FÍSICA
Extensión 5 v. ;
Dimensiones 34 cm.
650 #4 - PUNTO DE ACCESO ADICIONAL DE MATERIA--TÉRMINO DE MATERIA
Término de materia o nombre geográfico como elemento de entrada Transportes ferroviarios-
Subdivisión geográfica España.
9 (RLIN) 149654
650 #4 - PUNTO DE ACCESO ADICIONAL DE MATERIA--TÉRMINO DE MATERIA
Término de materia o nombre geográfico como elemento de entrada Ferrocarriles-
Subdivisión geográfica España.
9 (RLIN) 12761
700 1# - ENTRADA AGREGADA--NOMBRE PERSONAL
Nombre de persona Cambó, Francesc,
Fechas asociadas al nombre 1876-1947
9 (RLIN) 34032
852 4# - LOCALIZACIÓN
Ubicación ES-MaACL
Número de control de estantería B-9444-48
Existencias
Estatus retirado Estado de pérdida Estado de daño No para préstamo Biblioteca de origen Biblioteca actual Ubicación en estantería Fecha de adquisición Fuente de adquisición Total de préstamos Signatura topográfica completa Código de barras Visto por última vez Precio de reemplazo Tipo de ítem Koha
        Biblioteca del Ateneo de Madrid Biblioteca del Ateneo de Madrid Sala Pardo Bazán 17/01/2008     B-9444-48 1041283 23/02/2023 23/02/2023 Libro impreso